[Event "293rd YMCA Autumn B"]
[Site "Warsaw"]
[Date "2024.11.29"]
[Round "10"]
[White "Sypula, Krzysztof"]
[Black "Gozdzikowski, Franciszek"]
[Result "1-0"]
[WhiteElo "1713"]
[BlackElo "1840"]
[PlyCount "69"]
[EventDate "2024.09.25"]
[EventType "tourn"]
[EventRounds "1"]
[EventCountry "POL"]
[SourceDate "2024.09.25"]

1. d4 Nf6 2. c4 g6 3. f3 Bg7 4. e4 O-O 5. Be3 d6 6. Ne2 Nc6 7. Nbc3 a6 8. a4
Na5 9. Ng3 c5 10. d5 Nd7 11. Qc2 Qb6 12. Ra3 Ne5 13. Nd1 Nexc4 14. Bxc4 Qb4+
15. Bd2 Qxc4 16. Qb1 Nb3 17. Bc3 a5 18. Qa2 b5 19. Qxb3 Qxb3 20. Rxb3 b4 21.
Bxg7 Kxg7 22. Re3 c4 23. Re2 Bd7 24. Rc2 Rfc8 25. Ne3 Bxa4 26. Rxc4 Rxc4 27.
Nxc4 Rc8 28. Nb6 Rc1+ 29. Kd2 Rc2+ 30. Kd3 Bb3 31. Ne2 Rxb2 32. Ra1 Bc2+ 33.
Ke3 b3 34. Nc3 f5 35. Nc4 1-0

[Event "293rd YMCA Autumn B"]
[Site "Warsaw"]
[Date "2024.11.28"]
[Round "10"]
[White "Bronowski, Franciszek"]
[Black "Sternik, Piotr"]
[Result "1/2-1/2"]
[WhiteElo "1709"]
[BlackElo "1840"]
[PlyCount "43"]
[EventDate "2024.09.25"]
[EventType "tourn"]
[EventRounds "1"]
[EventCountry "POL"]
[SourceDate "2024.09.25"]

1. e4 e5 2. Nf3 Nf6 3. Nc3 Bb4 4. Bc4 d6 5. d3 h6 6. Bd2 c6 7. Bb3 Bg4 8. Qe2
Nbd7 9. h3 Bh5 10. g4 Bg6 11. O-O-O Qe7 12. Nh4 O-O-O 13. Nf5 Bxf5 14. exf5 Nc5
15. Rhe1 Nxb3+ 16. axb3 Rhe8 17. f4 Qc7 18. Qf2 Qa5 19. Kb1 exf4 20. Qxf4 Nd5
21. Qc4 f6 22. h4 $11 1/2-1/2

[Event "293rd YMCA Autumn B"]
[Site "Warsaw"]
[Date "2024.12.06"]
[Round "11"]
[White "Gozdzikowski, Franciszek"]
[Black "Bronowski, Franciszek"]
[Result "0-1"]
[WhiteElo "1840"]
[BlackElo "1709"]
[PlyCount "105"]
[EventDate "2024.09.25"]
[EventType "tourn"]
[EventRounds "1"]
[EventCountry "POL"]
[SourceDate "2024.09.25"]

1. e4 e6 2. d4 d5 3. Bd3 c5 4. exd5 exd5 5. Nf3 c4 6. Be2 Bd6 7. Nc3 Ne7 8. O-O
O-O 9. Bg5 f6 10. Bh4 a6 11. a4 Nbc6 12. Bg3 Rb8 13. Re1 b5 14. axb5 axb5 15.
Bf1 Bg4 16. Ne2 Nb4 17. Bxd6 Qxd6 18. Ng3 Nf5 19. c3 Nxg3 20. fxg3 Nc6 21. Qd2
b4 22. Ra6 Bc8 23. Raa1 Qc7 24. Qf4 Qb6 25. Nd2 Ne5 26. Qe3 Ng6 27. Be2 Bd7 28.
Bf3 Qd6 29. Ra5 Rfe8 30. Bxd5+ Kh8 31. Qf2 bxc3 32. bxc3 Rxe1+ 33. Qxe1 Re8 34.
Ra8 Rxa8 35. Bxa8 Qa3 36. Qe4 Qxc3 37. Bd5 Qxd2 38. Bxc4 Qc1+ 39. Bf1 Qc8 40.
Qd5 Be6 41. Qd6 Qe8 42. h3 Kg8 43. Qb6 Qd7 44. Bb5 Qc8 45. Qd6 Bc4 46. Bd7 Qf8
47. Qc7 Bf7 48. Bc6 Ne7 49. Be4 Nd5 50. Qd7 Nc3 51. Bd3 Qe8 52. Qc7 Nd5 53. Qd6
0-1

[Event "293rd YMCA Autumn B"]
[Site "Warsaw"]
[Date "2024.12.05"]
[Round "11"]
[White "Kasperski, Marcin"]
[Black "Sypula, Krzysztof"]
[Result "1-0"]
[WhiteElo "1737"]
[BlackElo "1713"]
[PlyCount "53"]
[EventDate "2024.09.25"]
[EventType "tourn"]
[EventRounds "1"]
[EventCountry "POL"]
[SourceDate "2024.09.25"]

1. e4 c5 2. Nf3 e6 3. d4 cxd4 4. Nxd4 a6 5. Nc3 b5 6. Bd3 Bb7 7. O-O Nc6 8.
Nce2 Nf6 9. Nb3 Be7 10. a4 bxa4 11. Rxa4 O-O 12. Ng3 d5 13. Qe2 dxe4 14. Nxe4
Nxe4 15. Bxe4 Qc7 16. Qh5 f5 17. Bd3 Rf6 18. Rh4 h6 19. Re1 e5 20. Bxf5 Rxf5
21. Qxf5 Bxh4 22. Nc5 Rf8 23. Qxf8+ Kxf8 24. Ne6+ Ke7 25. Nxc7 Kd7 26. Nd5 Kd6
27. Ne3 1-0

[Event "293rd YMCA Autumn B"]
[Site "Warsaw"]
[Date "2024.12.05"]
[Round "11"]
[White "Mazan, Dawid"]
[Black "Leszczewicz, Karol"]
[Result "1/2-1/2"]
[WhiteElo "1710"]
[BlackElo "1801"]
[PlyCount "160"]
[EventDate "2024.09.25"]
[EventType "tourn"]
[EventRounds "1"]
[EventCountry "POL"]
[SourceDate "2024.09.25"]

1. Nf3 Nf6 2. b3 e6 3. Bb2 b6 4. c4 Bb7 5. Nc3 Be7 6. Qc2 d5 7. e3 O-O 8. d4 c5
9. cxd5 cxd4 10. exd4 Nxd5 11. Nxd5 Bxd5 12. Be2 Bb4+ 13. Kf1 Nc6 14. h4 Bxf3
15. Bxf3 Nxd4 16. Bxd4 Qxd4 17. Rd1 Rac8 18. Qxh7+ Kxh7 19. Rxd4 Rc1+ 20. Rd1
Rxd1+ 21. Bxd1 Rd8 22. Bf3 Rd2 23. a4 Bc5 24. Be4+ f5 25. Bf3 Rxf2+ 26. Ke1 Rb2
27. Rf1 Rxb3 28. g4 g6 29. h5 Rb4 30. hxg6+ Kxg6 31. gxf5+ exf5 32. Bc6 Rb1+
33. Ke2 Rxf1 34. Kxf1 Kf6 35. Ke2 Ke5 36. Kd3 Kf4 37. Ke2 Bb4 38. Bb7 Ba3 39.
Kf2 Ke5 40. Ke3 Bc1+ 41. Kd3 Ba3 42. Ke3 Be7 43. Kd3 Bg5 44. Bc8 Kf4 45. Bb7
Be7 46. Bc8 Bd6 47. Bb7 Ke5 48. Bc8 Ba3 49. Bb7 f4 50. Kc4 Kf5 51. Bf3 Kg5 52.
Kd3 Bb2 53. Ke4 Bc1 54. Be2 Kf6 55. Kd5 Kg5 56. Ke4 Be3 57. Bd1 Kf6 58. Kd5 Ke7
59. Bg4 Kf6 60. Be2 Kf5 61. Bf3 Kf6 62. Be2 Kg6 63. Bf3 Kg5 64. Ke4 Kh4 65. Be2
Kg3 66. Bh5 Kf2 67. Bg4 a6 68. Bc8 b5 69. a5 b4 70. Bxa6 b3 71. Kd3 b2 72. Kc2
Bd4 73. Bb5 Ke1 74. a6 f3 75. a7 b1=Q+ 76. Kxb1 Bxa7 77. Ka1 f2 78. Ba6 Bd4+
79. Kb1 f1=R 80. Bxf1 Kxf1 1/2-1/2

[Event "293rd YMCA Autumn B"]
[Site "Warsaw"]
[Date "2024.12.12"]
[Round "12"]
[White "Pichurko, Jakub"]
[Black "Mazan, Dawid"]
[Result "0-1"]
[WhiteElo "1772"]
[BlackElo "1710"]
[PlyCount "136"]
[EventDate "2024.09.25"]
[EventType "tourn"]
[EventRounds "1"]
[EventCountry "POL"]
[SourceDate "2024.09.25"]

1. d4 Nf6 2. Bg5 d5 3. e3 Bf5 4. Bd3 Bg6 5. Nf3 Nbd7 6. O-O e6 7. Ne5 Be7 8.
Nxg6 hxg6 9. Nd2 Ne4 10. Bf4 Nxd2 11. Qxd2 Bg5 12. e4 Bxf4 13. Qxf4 dxe4 14.
Qxe4 c6 15. c3 Qc7 16. h3 Nf6 17. Qe5 Qxe5 18. dxe5 Nd5 19. Rfe1 O-O-O 20. Rad1
Nf4 21. Bf1 Rxd1 22. Rxd1 Rh5 23. Rd4 Nd5 24. f4 Kc7 25. g4 Rh8 26. Kf2 a6 27.
Kf3 Rd8 28. a3 c5 29. Rd2 Rf8 30. Bc4 Nb6 31. Ba2 Rh8 32. Kg3 Nd7 33. b4 a5 34.
b5 Nb6 35. f5 gxf5 36. gxf5 Rh5 37. fxe6 fxe6 38. Re2 Nd7 39. Bxe6 Rxe5 40.
Rxe5 Nxe5 41. Kf4 Ng6+ 42. Kg5 Ne7 43. h4 b6 44. a4 Kd6 45. Bb3 Ke5 46. Bc2 Ke6
47. h5 Ke5 48. Bd3 Nd5 49. c4 Ne7 50. Bg6 Kd4 51. Bf7 Kc3 52. Kf4 Kb3 53. Ke5
Kxa4 54. Ke6 Kb3 55. Kxe7 a4 56. Kf8 a3 57. Kxg7 a2 58. h6 a1=Q+ 59. Kg8 Qg1+
60. Kf8 Qh2 61. Kg7 Qe5+ 62. Kg8 Qg5+ 63. Kh7 Qf6 64. Bd5 Kc3 65. Bg8 Kd4 66.
Bd5 Ke5 67. Bg8 Kf4 68. Bd5 Kg5 0-1

[Event "293rd YMCA Autumn B"]
[Site "Warsaw"]
[Date "2024.12.12"]
[Round "12"]
[White "Bronowski, Franciszek"]
[Black "Kasperski, Marcin"]
[Result "1-0"]
[WhiteElo "1709"]
[BlackElo "1737"]
[PlyCount "133"]
[EventDate "2024.09.25"]
[EventType "tourn"]
[EventRounds "1"]
[EventCountry "POL"]
[SourceDate "2024.09.25"]

1. e4 e6 2. d4 d5 3. Nc3 Nf6 4. e5 Nfd7 5. Nce2 Nc6 6. c3 Nb6 7. Nf4 Bd7 8. a4
Na5 9. b4 Nac4 10. a5 Nc8 11. Nf3 Bb5 12. Bd3 Qd7 13. O-O Ne7 14. Ng5 g6 15.
Re1 h6 16. Nf3 a6 17. Bc2 O-O-O 18. Nd3 Nf5 19. Nd2 Be7 20. Nxc4 Bxc4 21. Ba4
Bb5 22. Nc5 Bxa4 23. Nxa4 Qb5 24. Qe2 Qxe2 25. Rxe2 h5 26. g3 g5 27. Rb2 c6 28.
Be3 g4 29. Nc5 h4 30. Kg2 hxg3 31. hxg3 Rh7 32. Rh1 Rxh1 33. Kxh1 Rh8+ 34. Kg2
Bxc5 35. bxc5 Rh5 36. Rb1 Rh8 37. Bg5 $11 Rh5 38. Bf4 Ne7 39. Bc1 Kc7 40. Ba3
Ng8 41. Bc1 f5 42. exf6 Nxf6 43. Bf4+ Kc8 44. Re1 Ne4 45. Re3 Kd7 46. f3 gxf3+
47. Rxf3 Rh7 48. g4 Ke7 49. Be5 Rf7 50. Bd6+ Ke8 51. Re3 Rf2+ 52. Kg1 Rc2 53.
Rh3 Ng5 54. Rh8+ Kf7 55. Rb8 Rb2 56. Rf8+ Kg6 57. Rg8+ Kf7 58. Rxg5 Rb5 59. Be5
Rxa5 60. Rg7+ Ke8 61. Rxb7 Ra3 62. g5 Rxc3 63. g6 Rc1+ 64. Kf2 Rc2+ 65. Ke3 Rg2
66. g7 Rg4 67. Rb8+ 1-0

[Event "293rd YMCA Autumn B"]
[Site "Warsaw"]
[Date "2024.12.13"]
[Round "12"]
[White "Sternik, Piotr"]
[Black "Gozdzikowski, Franciszek"]
[Result "1-0"]
[WhiteElo "1840"]
[BlackElo "1840"]
[PlyCount "25"]
[EventDate "2024.09.25"]
[EventType "tourn"]
[EventRounds "1"]
[EventCountry "POL"]
[SourceDate "2024.09.25"]

1. e4 e5 2. Nf3 Nc6 3. d4 exd4 4. Bc4 Nf6 5. e5 d5 6. Bb5 Ne4 7. Nxd4 Bc5 8.
O-O O-O 9. Bxc6 bxc6 10. b4 Bb6 11. Nxc6 Qh4 12. Be3 Nxf2 13. Bxf2 1-0

[Event "293rd YMCA Autumn B"]
[Site "Warsaw"]
[Date "2024.12.19"]
[Round "13"]
[White "Kasperski, Marcin"]
[Black "Sternik, Piotr"]
[Result "1-0"]
[WhiteElo "1737"]
[BlackElo "1840"]
[PlyCount "57"]
[EventDate "2024.09.25"]
[EventType "tourn"]
[EventRounds "1"]
[EventCountry "POL"]
[SourceDate "2024.09.25"]

1. c4 Nf6 2. g3 c5 3. Bg2 Nc6 4. Nc3 e6 5. e4 d6 6. Nge2 Be7 7. O-O O-O 8. a3
e5 9. Rb1 a5 10. d3 Nd4 11. Nxd4 exd4 12. Ne2 Nd7 13. Nf4 Bg5 14. b4 axb4 15.
axb4 Ne5 16. Qe2 b6 17. Bd2 Ra2 18. Ra1 Rxa1 19. Rxa1 Bg4 20. f3 Bd7 21. Be1 b5
22. Nd5 Bh6 23. f4 Ng6 24. bxc5 dxc5 25. Ba5 Qb8 26. Bb6 bxc4 27. Bxc5 cxd3 28.
Qxd3 Rc8 29. Bxd4 1-0

[Event "293rd YMCA Autumn B"]
[Site "Warsaw"]
[Date "2024.12.19"]
[Round "13"]
[White "Mazan, Dawid"]
[Black "Sypula, Krzysztof"]
[Result "1-0"]
[WhiteElo "1710"]
[BlackElo "1713"]
[PlyCount "79"]
[EventDate "2024.09.25"]
[EventType "tourn"]
[EventRounds "1"]
[EventCountry "POL"]
[SourceDate "2024.09.25"]

1. e4 c5 2. c3 Nf6 3. e5 Nd5 4. d4 cxd4 5. cxd4 Nc6 6. Nc3 Nc7 7. Bc4 e6 8. Nf3
d5 9. Bd3 Be7 10. Bb1 b5 11. O-O b4 12. Ne2 Nb5 13. Ng3 Qb6 14. Be3 h5 15. h4
Ba6 16. Qd2 Kd7 17. Rc1 g6 18. Bd3 Nc7 19. Ne2 Bxd3 20. Qxd3 Na5 21. Bg5 Na6
22. Bxe7 Kxe7 23. Ng5 Raf8 24. Nf4 Rhg8 25. Nh7 Rd8 26. Nf6 Rg7 27. Qg3 Kf8 28.
Qg5 Nc4 29. b3 Qxd4 30. bxc4 dxc4 31. Qh6 Qxe5 32. Qh8+ Ke7 33. Qxg7 Qxf4 34.
Ng8+ Ke8 35. Rd1 Rd3 36. Rxd3 cxd3 37. Rd1 Nc5 38. Qb2 e5 39. g3 Qf3 40. Qxe5+
1-0

[Event "293rd YMCA Autumn B"]
[Site "Warsaw"]
[Date "2024.12.19"]
[Round "13"]
[White "Kania, Tomasz"]
[Black "Malicka, Magdalena"]
[Result "1-0"]
[WhiteElo "1824"]
[BlackElo "1703"]
[PlyCount "159"]
[EventDate "2024.09.25"]
[EventType "tourn"]
[EventRounds "1"]
[EventCountry "POL"]
[SourceDate "2024.09.25"]

1. Nf3 Nf6 2. c4 g6 3. g3 Bg7 4. Bg2 d5 5. d4 O-O 6. O-O Nc6 7. cxd5 Nxd5 8. e4
Nb6 9. d5 Ne5 10. Nxe5 Bxe5 11. Nc3 e6 12. Qb3 exd5 13. exd5 Bf5 14. Bh6 Re8
15. Rfd1 Nc8 16. Rac1 Nd6 17. Be3 Bg4 18. Rd3 Nf5 19. Qxb7 Nxe3 20. fxe3 Qg5
21. Re1 h5 22. Ne4 Qh6 23. d6 cxd6 24. Nxd6 Bxd6 25. Rxd6 Rab8 26. Qxa7 Rxb2
27. Bd5 Qg7 28. Rf1 Rf8 29. Rdf6 Bf5 30. Qd4 Rb4 31. Qxb4 Qxf6 32. e4 Qe5 33.
Qc4 Rc8 34. Qd3 Be6 35. Bxe6 Qxe6 36. Qd5 Qxd5 37. exd5 Rc2 38. Rf2 Rc1+ 39.
Kg2 Rd1 40. Kf3 Rxd5 41. Ke4 Ra5 42. Kd4 Kf8 43. Re2 f5 44. Kc4 g5 45. Kb4 Ra7
46. a4 Kf7 47. Kb5 Re7 48. Rc2 f4 49. gxf4 gxf4 50. Rf2 Re5+ 51. Kc6 Re6+ 52.
Kd5 Rf6 53. Ke4 Re6+ 54. Kxf4 Ra6 55. Kg5+ Ke7 56. Rf4 Ra5+ 57. Kg6 Ke6 58. Rb4
Ke7 59. h4 Ke6 60. Rf4 Ke7 61. Re4+ Kd7 62. Kf6 Ra6+ 63. Kf7 Rd6 64. a5 Kc8 65.
Re5 Rd7+ 66. Kg6 Kb7 67. Kxh5 Rh7+ 68. Kg4 Kc6 69. h5 Kd6 70. Rg5 Ke6 71. Rg6+
Kf7 72. a6 Kf8 73. Rb6 Rg7+ 74. Kf5 Rg1 75. h6 Rf1+ 76. Ke6 Re1+ 77. Kd7 Re7+
78. Kc6 Re8 79. Kb7 Ke7 80. a7 1-0